IFM Opac

Project Management (Record no. 18550)

MARC details
000 -LEADER
fixed length control field 00327nam a22001457a 4500
020 ## - INTERNATIONAL STANDARD BOOK NUMBER
International Standard Book Number 7161 0006 1
082 ## - DEWEY DECIMAL CLASSIFICATION NUMBER
Classification number 658 LOC
100 ## - MAIN ENTRY--PERSONAL NAME
Personal name Lock, Dennis. L
245 ## - TITLE STATEMENT
Title Project Management
250 ## - EDITION STATEMENT
Edition statement 4 edition
260 ## - PUBLICATION, DISTRIBUTION, ETC.
Place of publication, distribution, etc. Haverhill
Name of publisher, distributor, etc. Gower Press
Date of publication, distribution, etc. 1968
300 ## - PHYSICAL DESCRIPTION
Extent 210Pg
Other physical details ill.;22cm
500 ## - GENERAL NOTE
General note Include Index
942 ## - ADDED ENTRY ELEMENTS (KOHA)
Koha item type Books
Holdings
Withdrawn status Lost status Source of classification or shelving scheme Damaged status Not for loan Home library Current library Shelving location Date acquired Full call number Barcode Date last seen Price effective from Koha item type
    Dewey Decimal Classification     IFM Main Campus Library IFM Main Campus Library   08/16/2017 658 LOC 0000011059 08/16/2017 08/16/2017 Books